000 02992cad a2200277 4500
001 L151026
008 100923s2010 xxkk f f 001 0 eng u
020 _a9781907624087
035 _a(Sirsi) u151026
041 0 _aeng
050 0 4 _a346.410438 $2 18
100 1 _aDuckworth, Neil
245 0 0 _aProperty law and practice
_b2010/2011
_h[old edition]
260 _aGuildford
_bCollege of Law Publishing
_c2010
300 _aeBook
490 0 _aLegal Practice Course
505 2 _aIntroduction to property law and practice -- Outline of a simple transaction -- Underlying land law principles ? rights and interests -- Underlying land law principles ? registered and unregistered land -- Conduct issues relevant to conveyancing -- Property taxation -- Town and country planning, building regulations and related matters -- Marketing the property and taking instructions -- Finance for the buyer -- Advising joint buyers -- Fixtures and fittings -- Surveys -- Action following instructions -- Deduction of title -- Investigation of title ? how to investigate title -- Investigation of title ? particular problems and worked examples -- Searches and enquiries before contract -- The draft contract -- Conditional contracts and options -- Looking at the contract from the buyer's point of view -- The mortgage -- The deposit -- Insurance -- Preparing to exchange -- Exchange of contracts -- The consequences of exchange -- Requisitions on title -- The transfer deed -- Pre-completion searches -- Preparing for completion -- Completion -- After completion -- Late completion -- Remedies -- Introduction to leasehold property -- The grant of a lease -- The assignment of a lease -- Drafting leases -- The landlord and tenant act 1954, part ii -- The rights of residential occupiers -- Sales of part -- New properties -- Appendix 1 National protocol for domestic freehold and leasehold property -- Appendix 2 Standard conditions of sale (fourth edition) -- Appendix 3 Standard commercial property conditions (second edition) -- Appendix 4 The law society's formulae for exchanging contracts by telephone, fax or telex -- Appendix 5 The law society's code for completion by post 1998 -- Appendix 6 Form of undertaking to discharge building society mortgages approved by the law society in conveyancing matters -- Appendix 7 The CML lenders' handbook for england and wales (last Updated 1 june 2007)
520 _aThis eBook provides detailed guidance on the processes involved in freehold and leasehold property transactions, covering both residential and commercial transactions. Fully revised for 2010/2011.
521 _aAdvanced
650 2 4 _aEBOOK
651 4 _aEngland and Wales
_y1543-
690 _aPROPERTY-PROPERTY ACQUISITION AND DISPOSAL-CONVEYANCING
700 1 _aRodell, Anne
856 4 8 _uhttps://www.rics.org/profession-standards/knowledge-and-information-services
_zDigital copy archived as there is a newer edition. Please email [email protected]
942 _n0
_2ddc
999 _c111103
_d111103